Los Cuatro principios del liberalismo /

El autor plantea tres cuestiones en primer término considera la pertenencia cultural como un bien irreductible de toda persona luego enuncia la distinción entre minoría nacional y grupo de inmigrantes, como necesario para la petición de derechos de autogobierno por parte de la minoría nacional, y po...

Descrizione completa

Salvato in:
Dettagli Bibliografici
Autore principale: Pradier, Sebastián
Natura: testo
Soggetti:
Tags: Aggiungi Tag
Nessun Tag, puoi essere il primo ad aggiungerne!!

MARC

LEADER 00000 a a2200000 04500
001 15523
003
040
100 |a Pradier, Sebastián  
245 |a Los Cuatro principios del liberalismo /  |c Sebastián Pradier  
500 |a Resumen también en inglés  
520 |a El autor plantea tres cuestiones en primer término considera la pertenencia cultural como un bien irreductible de toda persona luego enuncia la distinción entre minoría nacional y grupo de inmigrantes, como necesario para la petición de derechos de autogobierno por parte de la minoría nacional, y por último defiende la tesis de que un grupo de inmigrantes bajo la forma de una asociación libre que le es inherente es esencialmente distinta a una minoría nacional  
650 |a GRUPOS MINORITARIOS  
650 |a INMIGRANTES  
650 |a LIBERALISMO  
650 |a VALORES SOCIALES  
773 |g volumen 41, número 104; páginas 97-109  
999 |c 19931  |d 19931